000
00264nam a2200097Ia 4500
008
220204s9999 xx 000 0 und d
082
_a
338.45:678.5
_b
UNI
245
0
_a
Transnational corporations in the plastics industry
260
_a
New York
_b
UN
_c
1990
942
_c
BK
999
_c
40381
_d
40381